FOW IN OPEN CHANNELS (Record no. 28335)

MARC details
000 -LEADER
fixed length control field 00306nam a22001457a 4500
003 - CONTROL NUMBER IDENTIFIER
control field SGT
020 ## - INTERNATIONAL STANDARD BOOK NUMBER
International Standard Book Number 9789353166298
082 ## - DEWEY DECIMAL CLASSIFICATION NUMBER
Classification number 620,SHB
100 ## - MAIN ENTRY--PERSONAL NAME
Personal name SUBRAMANYA.K
245 ## - TITLE STATEMENT
Title FOW IN OPEN CHANNELS
250 ## - EDITION STATEMENT
Edition statement 5TH
260 ## - PUBLICATION, DISTRIBUTION, ETC. (IMPRINT)
Place of publication, distribution, etc NEW DELHI
Name of publisher, distributor, etc MC GRAW HILL
Year of Publication 2024
300 ## - PAGE DESCRIPTION
No. of Pages 656
942 ## - ADDED ENTRY ELEMENTS (KOHA)
Source of classification or shelving scheme Dewey Decimal Classification
Koha item type Books
942 ## - ADDED ENTRY ELEMENTS (KOHA)
-- 1
Holdings
Withdrawn status Lost status Source of classification or shelving scheme Damaged status Use restrictions Not for loan Collection code Home library Current library Shelving location Date acquired Vendor Name Cost, normal purchase price SGTU Bill Number Full call number Accession No. (Barcode) Date last seen Bill Date Koha item type Total Checkouts Date last borrowed Total Renewals
    Dewey Decimal Classification   Restricted Access Not For Loan ENGINEERING SGT Engineering Library SGT Engineering Library Reference Book 23/12/2024 SAVERA BOOK DISTRIBUTORS 950.00 SGTU CR/600 620,SHB FE9201 23/12/2024 09/11/2024 Books      
    Dewey Decimal Classification       ENGINEERING SGT Engineering Library SGT Engineering Library Text Book 23/12/2024 SAVERA BOOK DISTRIBUTORS 950.00 SGTU CRB/600 620,SHB FE9202 13/12/2025 09/11/2024 Books 13 08/12/2025  
    Dewey Decimal Classification       ENGINEERING SGT Engineering Library SGT Engineering Library Text Book 23/12/2024 SAVERA BOOK DISTRIBUTORS 950.00 SGTU CRB/600 620,SHB FE9203 02/01/2026 09/11/2024 Books 15 18/12/2025  
    Dewey Decimal Classification       ENGINEERING SGT Engineering Library SGT Engineering Library Text Book 23/12/2024 SAVERA BOOK DISTRIBUTORS 950.00 SGTU CRB/600 620,SHB FE9204 02/01/2026 09/11/2024 Books 5 05/12/2025  
    Dewey Decimal Classification       ENGINEERING SGT Engineering Library SGT Engineering Library Text Book 23/12/2024 SAVERA BOOK DISTRIBUTORS 950.00 SGTU CRB/600 620,SHB FE9205 27/12/2025 09/11/2024 Books 4 08/12/2025 5